|
|
|
|
| LEADER |
00863cam a2200193 i 4500 |
| 999 |
|
|
|c 296336
|d 296336
|
| 020 |
|
|
|a 9781107053014
|
| 082 |
0 |
0 |
|a 571.4/55
|
| 245 |
0 |
0 |
|a Optogenetics :
|b from neuronal function to mapping and disease biology /
|c edited by Krishnarao Appasani, GeneExpression Systems, Inc., Waltham, MA, USA ; foreword by Georg Nagel, University of Würzburg, Würzburg, Germany.
|
| 260 |
|
|
|a New York:
|b Cambridge University Press,
|c 2017.
|
| 300 |
|
|
|a xxvii, 476 pages, 32 unnumbered pages of plates :
|b illustrations (some color) ;
|
| 504 |
|
|
|a Includes bibliographical references.
|
| 650 |
|
0 |
|a Light
|
| 650 |
|
0 |
|a Cells.
|
| 650 |
|
0 |
|a Tissues
|
| 650 |
|
0 |
|a Biotechnology.
|
| 700 |
1 |
|
|a Appasani, Krishnarao,
|
| 942 |
|
|
|c BK
|
| 952 |
|
|
|0 0
|1 0
|4 0
|6 571_400000000000000_55_APP
|7 0
|9 315693
|a BTY
|b BTY
|c GEN
|d 2020-08-19
|l 0
|o 571.4/55 APP
|p BTY2804
|r 2020-08-19
|w 2020-08-19
|y BK
|